000 00553cam a2200145 4500500
005 20251228090717.0
041 _afre
042 _adc
100 1 0 _aHaye, François
_eauthor
245 0 0 _aPays chartrain : un centenaire préparé et célébré comme le début d’un autre siècle
260 _c2015.
500 _a100
786 0 _nBulletin de l’Amitié Charles Péguy | 151 | 3 | 2015-04-10 | p. 282-285 | 0180-8567
856 4 1 _uhttps://shs.cairn.info/revue-bulletin-de-lamitie-charles-peguy-2015-3-page-282?lang=fr&redirect-ssocas=7080
999 _c1602632
_d1602632